LEADER 01269nam0-22004571i-450- 001 990000679300403321 005 20160421104957.0 035 $a000067930 035 $aFED01000067930 035 $a(Aleph)000067930FED01 035 $a000067930 100 $a20100118d1981----km-y0itay50------ba 101 1 $aita$ceng 102 $aIT 105 $aa-------001yy 200 1 $a<>senso del territorio$fKevin Lynch$gtraduzione di Maria Parodi 210 $aMilano$cIl Saggiatore$d1981 215 $a250 p.$cill.$d21 cm 225 1 $aStruttura e forma urbana$v24 320 $aBibliografia: p. [249]-[259] 454 0$12001$aManaging the sense of a region 610 0 $aPianificazione ambientale 610 0 $aAmbiente 610 0 $aDegrado 610 0 $aTerritorio 676 $a309 676 $a711.1 700 1$aLynch,$bKevin$f<1918-1984>$011116 702 1$aParodi,$bAnna 801 0$aIT$bUNINA$gRICA$2UNIMARC 901 $aBK 912 $a990000679300403321 952 $a01 GB 4104$b05166$fDINST 952 $a341002$b3321$fDCATA 952 $aURB.LE B 642$bINV.1064$fFARBC 952 $aCAN 62$bs.i.$fDINST 959 $aDINST 959 $aDCATA 959 $aFARBC 996 $aSenso del territorio$9298283 997 $aUNINA LEADER 02095oam 2200541 450 001 9910716791403321 005 20220817085154.0 024 8 $a45-093 035 $a(CKB)5470000002524258 035 $a(OCoLC)1262666418 035 $a(EXLCZ)995470000002524258 100 $a20210803d2021 ua 0 101 0 $aeng 135 $aur||||||||||| 181 $ctxt$2rdacontent 182 $cc$2rdamedia 183 $acr$2rdacarrier 200 10$aCommittee on Transportation and Infrastructure members' day hearing $eremote hearing before the Committee on Transportation and Infrastructure, House of Representatives, One Hundred Seventeenth Congress, first session, April 14, 2021 210 1$aWashington :$cU.S. Government Publishing Office,$d2021. 215 $a1 online resource (xi, 215 pages) $ccolor illustrations, color maps 300 $aAccess ID (govinfo): CHRG-117hhrg45093. 300 $a"117-11." 320 $aIncludes bibliographical references. 517 $aCommittee on Transportation and Infrastructure members' day hearing 606 $aTransportation$zUnited States$xFinance 606 $aInfrastructure (Economics)$zUnited States 606 $aTransportation and state$zUnited States 606 $aRailroads$zUnited States 606 $aTransportation$xTechnological innovations$zUnited States 606 $aTransportation$xEnvironmental aspects$zUnited States 606 $aClimate change mitigation$zUnited States 606 $aCommuting$zUnited States 608 $aLegislative hearings.$2lcgft 615 0$aTransportation$xFinance. 615 0$aInfrastructure (Economics) 615 0$aTransportation and state 615 0$aRailroads 615 0$aTransportation$xTechnological innovations 615 0$aTransportation$xEnvironmental aspects 615 0$aClimate change mitigation 615 0$aCommuting 801 0$bGPO 801 1$bGPO 801 2$bGPO 906 $aBOOK 912 $a9910716791403321 996 $aCommittee on Transportation and Infrastructure members' day hearing$93437873 997 $aUNINA